[Event "26th EUR-ch"]
[Site "Katowice POL"]
[Date "2026.04.09"]
[Round "3.176"]
[White "Pehar, Borna"]
[Black "Petriashvili, Nikoloz"]
[Result "0-1"]
[WhiteElo "2183"]
[BlackElo "2518"]
[EventDate "2026.04.07"]
[PlyCount "120"]

1.e4 d5 2.exd5 Qxd5 3.Nc3 Qd6 4.d4 Nf6 5.Nf3 g6 6.g3 Bg7 7.Bg2 Qa6 8.Bf4 
O-O 9.Qe2 Qxe2+ 10.Nxe2 c6 11.O-O Bf5 12.c3 Nbd7 13.Rfe1 a5 14.a4 Nb6 15.
Nc1 Nfd5 16.Nh4 Nxf4 17.gxf4 Bc2 18.b3 Bf6 19.Ra2 Bb1 20.Rb2 Bxh4 21.Rxb1 
e6 22.Nd3 Be7 23.Ne5 Rfd8 24.Nc4 Nd7 25.Re2 Bf8 26.Ne5 Nf6 27.Bf3 Bh6 28.
Nd3 Ne8 29.Kg2 Nd6 30.Be4 Rac8 31.Kg3 b6 32.Ne5 c5 33.dxc5 Rxc5 34.c4 
Nxe4+ 35.Rxe4 f5 36.Re3 Rd4 37.Nd3 Rc6 38.Kf3 Rcd6 39.Ke2 Bxf4 40.Nxf4 
Rxf4 41.Rd1 Rxd1 42.Kxd1 Kf7 43.Ke2 Kf6 44.Rc3 Re4+ 45.Kd3 Re5 46.Kd4 h5 
47.b4 Re4+ 48.Kd3 axb4 49.Rb3 Rf4 50.Rxb4 Rf3+ 51.Kd4 Rxf2 52.Rxb6 Rxh2 
53.c5 h4 54.c6 Rc2 55.Kd3 Rc1 56.Kd2 Rc5 57.Ke2 g5 58.Kf2 g4 59.Kg2 Rc2+ 
60.Kh1 h3 0-1

[Event "26th EUR-ch"]
[Site "Katowice POL"]
[Date "2026.04.09"]
[Round "3.177"]
[White "Bakhmatskyi, Vladyslav"]
[Black "Bitbol-Delaveyne, Maelan"]
[Result "1-0"]
[WhiteElo "2442"]
[BlackElo "2181"]
[EventDate "2026.04.07"]
[PlyCount "75"]

1.e4 c6 2.d4 d5 3.e5 c5 4.dxc5 e6 5.a3 Bxc5 6.Qg4 Bf8 7.Nf3 Nc6 8.Bd3 Nge7
9.O-O Nf5 10.Bg5 Qc7 11.Nc3 h6 12.Qh3 Nfd4 13.Nxd4 Nxd4 14.Rfe1 a6 15.Rad1
Nc6 16.Qh5 Be7 17.Bf4 Qb6 18.Qg4 g5 19.Bc1 Bd7 20.Qh5 O-O-O 21.b4 f6 22.
exf6 Bxf6 23.Na4 Qc7 24.Nc5 Qd6 25.c4 Ne5 26.Bf1 Qc7 27.Bb2 Rdf8 28.cxd5 
exd5 29.Nxd7 Nxd7 30.Rc1 Bxb2 31.Rxc7+ Kxc7 32.Qd1 d4 33.Qb3 Bc3 34.Re7 
Rd8 35.Qc4+ Kb8 36.Qd5 Kc8 37.b5 a5 38.b6 1-0

[Event "26th EUR-ch"]
[Site "Katowice POL"]
[Date "2026.04.09"]
[Round "3.178"]
[White "Besou, Hussain"]
[Black "Latzke, Boris"]
[Result "1-0"]
[WhiteElo "2427"]
[BlackElo "2173"]
[EventDate "2026.04.07"]
[PlyCount "63"]

1.d4 Nf6 2.c4 e6 3.Nf3 b6 4.g3 Ba6 5.b3 Bb4+ 6.Bd2 Be7 7.Nc3 d5 8.cxd5 
exd5 9.Bg2 O-O 10.O-O Bb7 11.Ne5 c6 12.Re1 Nbd7 13.e4 Re8 14.Nxd7 Qxd7 15.
e5 Ne4 16.Nxe4 dxe4 17.Bxe4 Qxd4 18.Qc2 g6 19.Bc3 Qc5 20.e6 f5 21.b4 Qc4 
22.Bd3 Qg4 23.Be2 Qh3 24.Bf3 f4 25.Qe2 fxg3 26.hxg3 Rf8 27.Rad1 Ba6 28.Qe4
Bb5 29.Rd7 Rae8 30.Rxe7 Rxe7 31.Qe5 Qxe6 32.Qh8+ 1-0

[Event "26th EUR-ch"]
[Site "Katowice POL"]
[Date "2026.04.09"]
[Round "3.179"]
[White "Karsay, Pascal"]
[Black "Vainbaum , Moisei"]
[Result "1-0"]
[WhiteElo "2412"]
[BlackElo "2159"]
[EventDate "2026.04.07"]
[PlyCount "71"]

1.d4 Nf6 2.Nf3 c5 3.d5 b5 4.e4 Nxe4 5.Bd3 Qa5+ 6.Nbd2 Nf6 7.O-O c4 8.Be4 
d6 9.a4 g6 10.Nd4 Bd7 11.Bf3 Bg7 12.Re1 O-O 13.c3 Re8 14.b4 cxb3 15.N2xb3 
Qb6 16.axb5 Bxb5 17.Be3 Bc4 18.Na5 Qc7 19.Qa4 Rc8 20.Bg5 h6 21.Bh4 a6 22.
Qb4 Bd3 23.Re3 Bb5 24.c4 Be8 25.Rae1 Nbd7 26.Ndc6 Ne5 27.Nxe5 dxe5 28.Rxe5
Rcb8 29.Qxe7 Qxa5 30.d6 Ra7 31.Rxa5 Rxe7 32.dxe7 Rc8 33.Bxf6 Bxf6 34.Rxa6 
Kg7 35.Ra8 Rxa8 36.Bxa8 1-0

[Event "26th EUR-ch"]
[Site "Katowice POL"]
[Date "2026.04.09"]
[Round "3.180"]
[White "Paprocki, Jaroslaw"]
[Black "Goroskov, Maksim"]
[Result "1/2-1/2"]
[WhiteElo "2136"]
[BlackElo "2364"]
[EventDate "2026.04.07"]
[PlyCount "46"]

1.d4 Nf6 2.c4 g6 3.Nc3 Bg7 4.e4 d6 5.Be2 O-O 6.Be3 Nbd7 7.f4 c5 8.d5 Qa5 
9.Bd2 Qb6 10.Nf3 e6 11.O-O exd5 12.exd5 Re8 13.Bd3 Nf8 14.Qc2 Bg4 15.Ng5 
h6 16.h3 Bd7 17.Nf3 Re7 18.Rae1 Rae8 19.Rxe7 Rxe7 20.Re1 Rxe1+ 21.Nxe1 a6 
22.Kh2 Qd8 23.Nf3 b5 1/2-1/2

[Event "26th EUR-ch"]
[Site "Katowice POL"]
[Date "2026.04.09"]
[Round "3.181"]
[White "Rzap, Filip"]
[Black "Paikens, Reinis"]
[Result "1/2-1/2"]
[WhiteElo "2121"]
[BlackElo "2302"]
[EventDate "2026.04.07"]
[PlyCount "67"]

1.d4 Nf6 2.c4 e6 3.Nf3 Bb4+ 4.Nbd2 b6 5.a3 Bxd2+ 6.Qxd2 Bb7 7.e3 a5 8.b3 
Ne4 9.Qc2 f5 10.Be2 d6 11.O-O O-O 12.Bb2 Nd7 13.b4 Ng5 14.d5 Nxf3+ 15.Bxf3
Ne5 16.Bxe5 dxe5 17.e4 Qf6 18.h3 fxe4 19.Bxe4 g6 20.Rad1 axb4 21.axb4 Rad8
22.dxe6 Bxe4 23.Qxe4 Qxe6 24.Rxd8 Rxd8 25.Re1 Kf7 26.Qh4 Rh8 27.Rd1 h5 28.
Qe4 Re8 29.c5 bxc5 30.bxc5 Re7 31.Rd3 Kg7 32.Rd8 Re8 33.Rd3 Re7 34.Rd8 
1/2-1/2

[Event "26th EUR-ch"]
[Site "Katowice POL"]
[Date "2026.04.09"]
[Round "3.182"]
[White "Balaji, Aaravamudhan"]
[Black "Tashkinova, Sofiia"]
[Result "1-0"]
[WhiteElo "2301"]
[BlackElo "2105"]
[EventDate "2026.04.07"]
[PlyCount "173"]

1.d4 Nf6 2.c4 e6 3.Nc3 Bb4 4.e3 O-O 5.Bd3 d5 6.Nf3 dxc4 7.Bxc4 c5 8.O-O 
cxd4 9.exd4 b6 10.Re1 Bb7 11.Bd3 Nbd7 12.a3 Be7 13.Bc2 Rc8 14.Qd3 Qc7 15.
Bg5 Rfd8 16.Rac1 Nf8 17.Ne5 a6 18.h4 Qd6 19.Rcd1 b5 20.Re3 Nd5 21.Nxd5 
Bxd5 22.Rg3 f5 23.Bb3 Bxg5 24.Rxg5 Qe7 25.Bxd5 Rxd5 26.Nf3 Rcd8 27.Re1 Qf6
28.Qc3 h6 29.Rg3 Ng6 30.Qc7 R5d7 31.Qa5 Rd6 32.Qc7 R6d7 33.Qb6 Rd6 34.Qb7 
R8d7 35.Qc8+ Rd8 36.Qb7 R8d7 37.Qa8+ Rd8 38.Qa7 R8d7 39.Qa8+ Rd8 40.Qa7 
R8d7 41.Qb8+ Rd8 42.Qc7 R8d7 43.Qc3 Rd8 44.Ne5 Nf4 45.Qc7 Nd5 46.Qb7 Ne7 
47.Nf3 R8d7 48.Qb8+ Rd8 49.Qa7 R8d7 50.Qa8+ Qf8 51.Qxf8+ Kxf8 52.h5 Nc6 
53.Rg6 Nxd4 54.Nxd4 Rxd4 55.Rgxe6 a5 56.Rb6 R4d5 57.f4 Re7 58.Rc1 a4 59.
Kh2 Re2 60.Rc7 Re7 61.Rb8+ Kf7 62.Rcc8 Red7 63.Rf8+ Ke7 64.Rfe8+ Kf7 65.
Rec8 Ke7 66.Rc6 Rd4 67.Rxb5 Rxf4 68.Rg6 Kf7 69.Kg3 Rf1 70.Rb4 f4+ 71.Rxf4+
Rxf4 72.Kxf4 Rd2 73.g4 Rf2+ 74.Ke4 Re2+ 75.Kd5 Rxb2 76.Ra6 Rb3 77.Rxa4 Kf6
78.Kc4 Rg3 79.Kd5 Rb3 80.Ra6+ Kg5 81.Rg6+ Kf4 82.Rxg7 Rxa3 83.Ke6 Ra6+ 84.
Kf7 Rb6 85.Kg8 Ke5 86.Kh7 Kf4 87.Rg6 1-0

[Event "26th EUR-ch"]
[Site "Katowice POL"]
[Date "2026.04.09"]
[Round "3.183"]
[White "Korniichuk, Oleksandra"]
[Black "Piddubna, Bozhena"]
[Result "1/2-1/2"]
[WhiteElo "2055"]
[BlackElo "2301"]
[EventDate "2026.04.07"]
[PlyCount "62"]

1.e4 e5 2.Nf3 Nc6 3.Bb5 a6 4.Ba4 Nf6 5.O-O d6 6.Re1 Bd7 7.c3 g6 8.d4 b5 9.
Bc2 Bg7 10.Nbd2 O-O 11.Nf1 Nh5 12.Bg5 Qe8 13.Ng3 Nxg3 14.hxg3 Bg4 15.d5 
Ne7 16.Qd2 f6 17.Be3 Bd7 18.Nh4 Qf7 19.f4 exf4 20.gxf4 f5 21.Nf3 h6 22.e5 
Nxd5 23.Bb3 c6 24.exd6 Rfe8 25.Bf2 Kh7 26.Rxe8 Rxe8 27.Rd1 Be6 28.Ne5 Qb7 
29.Nxc6 Qxc6 30.Bxd5 Qxd6 31.Bxe6 Qxd2 1/2-1/2

[Event "26th EUR-ch"]
[Site "Katowice POL"]
[Date "2026.04.09"]
[Round "3.184"]
[White "Azoulay, Yehonatan"]
[Black "Alpaslan, Utku"]
[Result "1-0"]
[WhiteElo "2298"]
[BlackElo "2104"]
[EventDate "2026.04.07"]
[PlyCount "179"]

1.e4 c5 2.c3 Nf6 3.e5 Nd5 4.Nf3 Nc6 5.Bc4 Nb6 6.Bb3 d5 7.exd6 Qxd6 8.O-O 
c4 9.Bc2 Bg4 10.Re1 Ne5 11.Rxe5 Bxf3 12.Qe1 Bc6 13.Na3 e6 14.b3 Qc7 15.
Nxc4 Nxc4 16.bxc4 Bd6 17.Rh5 g6 18.Rh3 Bd7 19.Bb3 e5 20.Re3 O-O-O 21.d4 
exd4 22.cxd4 Bxh2+ 23.Kh1 h5 24.Ba3 Bf4 25.Re7 h4 26.Rb1 h3 27.g3 Bg5 28.
Re5 Rhe8 29.Kh2 Bf6 30.f4 Bxe5 31.fxe5 Bf5 32.Rd1 f6 33.Qf2 fxe5 34.d5 Qa5
35.Bc5 b6 36.Be3 Rf8 37.Bh6 Rf7 38.c5 bxc5 39.d6 Rfd7 40.Rd5 Qb4 41.Bd2 
Qb7 42.Ba5 Kb8 43.Bxd8 Rxd8 44.Qxc5 Bd7 45.Qf2 Re8 46.Rd2 e4 47.Rb2 e3 48.
Qe2 Rf8 49.Bf7 Rxf7 50.Rxb7+ Kxb7 51.Qxe3 Rf5 52.Qe4+ Kb6 53.g4 Ra5 54.
Qb4+ Rb5 55.Qd4+ Kc6 56.Qxa7 Kxd6 57.Qd4+ Rd5 58.Qf4+ Kc5 59.Qc7+ Kb4 60.
Qb6+ Kc4 61.Qb3+ Kc5 62.Qc3+ Kb6 63.Kxh3 g5 64.Qb4+ Rb5 65.Qd4+ Kc6 66.a4 
Rd5 67.Qc4+ Rc5 68.Qa6+ Kc7 69.Qa7+ Kd6 70.a5 Rc3+ 71.Kg2 Rc4 72.Qb8+ Kd5 
73.Qb7+ Kd6 74.Qb8+ Kd5 75.Qg8+ Be6 76.Qxg5+ Kc6 77.Qf6 Rxg4+ 78.Kf2 Kd7 
79.a6 Ra4 80.a7 Bd5 81.Qf5+ Kd6 82.Qf8+ Kc7 83.Qb8+ Kd7 84.Qb5+ Bc6 85.
Qxa4 Bxa4 86.a8=Q Bc6 87.Qa7+ Kd6 88.Qd4+ Bd5 89.Ke3 Kc6 90.Kf4 1-0

[Event "26th EUR-ch"]
[Site "Katowice POL"]
[Date "2026.04.09"]
[Round "3.185"]
[White "Sliwicka, Alicja"]
[Black "Ghazarian, Raffi"]
[Result "1/2-1/2"]
[WhiteElo "2293"]
[BlackElo "2079"]
[EventDate "2026.04.07"]
[PlyCount "90"]

1.e4 c6 2.d4 d5 3.e5 Bf5 4.h4 h6 5.Bd3 Bxd3 6.Qxd3 e6 7.Nf3 c5 8.Nc3 a6 9.
Ne2 cxd4 10.Nfxd4 Nc6 11.Bf4 Bc5 12.c3 Nge7 13.h5 Qc7 14.Nxc6 bxc6 15.b3 
Bb6 16.O-O O-O 17.Rac1 Rfd8 18.Qf3 c5 19.c4 Rd7 20.cxd5 Nxd5 21.Nc3 Rad8 
22.Nxd5 Rxd5 23.Rc4 Qd7 24.Kh2 Rd4 25.Rfc1 Qe7 26.Be3 Rd3 27.Qe4 R3d5 28.
g3 a5 29.Bf4 Qe8 30.Kg2 Qd7 31.Be3 Qc7 32.Bf4 Qd7 33.Kh2 Kh8 34.Qf3 Qe7 
35.Re1 Bc7 36.Rce4 Rd3 37.Qg4 Bb6 38.Be3 R3d5 39.Qe2 Qc7 40.Bc1 Rd4 41.Rf4
Rc8 42.Qf3 Rxf4 43.Bxf4 c4 44.bxc4 Qxc4 45.Rc1 Qa6 1/2-1/2

[Event "26th EUR-ch"]
[Site "Katowice POL"]
[Date "2026.04.09"]
[Round "3.186"]
[White "Nikolaidis, Konstantinos"]
[Black "Ilko-Toth, Andras"]
[Result "0-1"]
[WhiteElo "2097"]
[BlackElo "2283"]
[EventDate "2026.04.07"]
[PlyCount "20"]

1.e4 c6 2.d4 d5 3.e5 c5 4.Nf3 cxd4 5.Qxd4 Nc6 6.Qf4 f6 7.Nc3 a6 8.h4 d4 9.
Ne4 fxe5 10.Nxe5 Qa5+ 0-1

[Event "26th EUR-ch"]
[Site "Katowice POL"]
[Date "2026.04.10"]
[Round "3.187"]
[White "Martirosyan, David"]
[Black "Zhuk, Ivan"]
[Result "0-1"]
[WhiteElo "2281"]
[BlackElo "2068"]
[EventDate "2026.04.07"]
[PlyCount "116"]

1.d4 d5 2.Nf3 Bf5 3.c4 e6 4.Nc3 c6 5.Qb3 Qb6 6.c5 Qc7 7.Bf4 Qc8 8.Nh4 Nf6 
9.e3 Be7 10.Nxf5 exf5 11.Bd3 O-O 12.O-O Ne4 13.Qc2 g6 14.f3 Nxc3 15.bxc3 
b6 16.cxb6 axb6 17.c4 Na6 18.a3 Nc7 19.Bxc7 Qxc7 20.cxd5 Bd6 21.dxc6 Bxh2+
22.Kh1 Bg3 23.Kg1 Qe7 24.Rfe1 Qh4 25.Qc1 Rfe8 26.Bb5 Qh2+ 27.Kf1 Qh1+ 28.
Ke2 Qxg2+ 29.Kd3 Bxe1 30.Qxe1 Qb2 31.a4 Qb3+ 32.Kd2 f4 33.e4 Qxf3 34.Bd3 
f5 35.d5 fxe4 36.Bc4 e3+ 37.Kc1 e2 38.Kb2 Qe3 39.d6+ Kg7 40.d7 Re7 41.Qc3+
Qxc3+ 42.Kxc3 f3 43.Kd2 Kf6 44.Ke1 Ke5 45.Ra3 Kd4 46.Bxe2 fxe2 47.a5 Rf8 
48.Rf3 Ra8 49.a6 Kc5 50.Rc3+ Kd6 51.a7 Kc7 52.Rd3 Rd8 53.Rc3 Rf8 54.Rf3 
Ra8 55.Rd3 Kxc6 56.d8=Q Rxd8 57.Rxd8 Rxa7 58.Kxe2 Re7+ 0-1

[Event "26th EUR-ch"]
[Site "Katowice POL"]
[Date "2026.04.10"]
[Round "3.188"]
[White "Liskiewicz, Jakub"]
[Black "Kulich, Daniel"]
[Result "1-0"]
[WhiteElo "2280"]
[BlackElo "2045"]
[EventDate "2026.04.07"]
[PlyCount "53"]

1.d4 Nf6 2.c4 e6 3.Nc3 Bb4 4.e3 b6 5.Bd2 Bb7 6.Nf3 O-O 7.Bd3 Bxc3 8.Bxc3 
Ne4 9.Bxe4 Bxe4 10.d5 Bg6 11.h4 h6 12.g4 f6 13.g5 fxg5 14.hxg5 h5 15.Qd4 
Qe7 16.Ne5 Be8 17.Qe4 d6 18.g6 Qf6 19.Nf7 e5 20.Rxh5 Rxf7 21.gxf7+ Bxf7 
22.Qh7+ Kf8 23.Qh8+ Ke7 24.Rh7 g5 25.Qc8 Qg6 26.Rh8 Be8 27.O-O-O 1-0

[Event "26th EUR-ch"]
[Site "Katowice POL"]
[Date "2026.04.10"]
[Round "3.189"]
[White "Nguyen, Khoi"]
[Black "Filindash, Nikita"]
[Result "1/2-1/2"]
[WhiteElo "2037"]
[BlackElo "2279"]
[EventDate "2026.04.07"]
[PlyCount "145"]

1.d4 d5 2.c4 e6 3.Nf3 Nf6 4.g3 dxc4 5.Bg2 Bd7 6.Ne5 Bc6 7.Nxc6 Nxc6 8.O-O 
Qd7 9.Nc3 O-O-O 10.Qa4 Kb8 11.Rd1 Nb4 12.Qxd7 Rxd7 13.Bg5 Nfd5 14.e4 Nb6 
15.Rd2 Nd3 16.Be3 e5 17.dxe5 Bb4 18.a3 Bxc3 19.bxc3 Nxe5 20.Rxd7 Nbxd7 21.
Rd1 Re8 22.Bf1 Nf6 23.Bf4 b5 24.Kg2 g5 25.Bxg5 Nxe4 26.Bh6 Re6 27.Bg7 Ng4 
28.Re1 Ngxf2 29.Kf3 f5 30.Kf4 Re7 31.Be5 Nd6 32.Rb1 Nfe4 33.Bg2 a6 34.a4 
Nf7 35.Bd4 Nfd6 36.axb5 axb5 37.Be5 Ka7 38.Bxe4 fxe4 39.Bxd6 cxd6 40.Rxb5 
Ka6 41.Rb2 d5 42.Ke3 Ka5 43.Ra2+ Kb5 44.Kd4 Rd7 45.Ra1 Rd6 46.Ra2 h6 47.g4
Rd8 48.h3 Rd7 49.Ra1 Rd6 50.Ra2 Rd8 51.Ra1 Rd6 52.Ra2 Kb6 53.Ra1 Kc6 54.h4
Kd7 55.g5 hxg5 56.hxg5 Ke6 57.Rf1 Rd8 58.Rf2 Rd7 59.Rf6+ Ke7 60.Rf2 Rd8 
61.Rf5 Ke6 62.Rf6+ Ke7 63.Rf5 Rd6 64.Rf2 Rd7 65.Rf6 Rd6 66.Rf2 Rd8 67.Rf5 
Rd7 68.Rf6 Rd8 69.Rf5 Ke6 70.Rf6+ Ke7 71.Rf5 Rd7 72.Rf6 Rd6 73.Rf2 1/2-1/2

[Event "26th EUR-ch"]
[Site "Katowice POL"]
[Date "2026.04.10"]
[Round "3.190"]
[White "Jarocka, Liwia"]
[Black "Zawisza, Alan"]
[Result "0-1"]
[WhiteElo "2272"]
[BlackElo "2007"]
[EventDate "2026.04.07"]
[PlyCount "52"]

1.d4 Nf6 2.c4 g6 3.h4 Bg7 4.Nc3 O-O 5.e4 d6 6.Be2 c5 7.d5 e6 8.h5 exd5 9.
exd5 gxh5 10.Bxh5 Bf5 11.Be2 Re8 12.f3 Nbd7 13.g4 Bg6 14.Kf1 Qe7 15.Bg5 
Nxg4 16.Bxe7 Ne3+ 17.Kf2 Nxd1+ 18.Rxd1 Rxe7 19.Nh3 Be5 20.f4 Bd4+ 21.Kf1 
Rae8 22.Ng1 a6 23.Rh2 Re3 24.Nf3 Bxc3 25.bxc3 R8e4 26.Kf2 Rxe2+ 0-1

[Event "26th EUR-ch"]
[Site "Katowice POL"]
[Date "2026.04.10"]
[Round "3.191"]
[White "Schippke, Manon"]
[Black "Varney, Zoe"]
[Result "1-0"]
[WhiteElo "2269"]
[BlackElo "1988"]
[EventDate "2026.04.07"]
[PlyCount "67"]

1.e4 e5 2.Nc3 Nf6 3.d4 exd4 4.Qxd4 Nc6 5.Qd3 Bb4 6.Bd2 O-O 7.O-O-O Re8 8.
Nge2 d6 9.Bg5 h6 10.Bxf6 Qxf6 11.Nd5 Qd8 12.Nxb4 Nxb4 13.Qd2 Na6 14.Nc3 
Nc5 15.f3 a6 16.h4 Be6 17.g4 b5 18.g5 h5 19.Rg1 g6 20.Qd4 Rb8 21.a3 Nb7 
22.e5 c5 23.Qe3 d5 24.Ne4 d4 25.Qf4 Rf8 26.Nf6+ Kg7 27.Bd3 c4 28.Be2 d3 
29.cxd3 cxd3 30.Bxd3 Qe7 31.Kb1 Nc5 32.Bc2 Bb3 33.Bxb3 Nxb3 34.Nd7 1-0

[Event "26th EUR-ch"]
[Site "Katowice POL"]
[Date "2026.04.10"]
[Round "3.192"]
[White "Topencik, Bruno"]
[Black "Tyshniuk, Roman"]
[Result "1-0"]
[WhiteElo "2265"]
[BlackElo "1931"]
[EventDate "2026.04.07"]
[PlyCount "115"]

1.Nf3 d5 2.g3 Nf6 3.Bg2 Bf5 4.O-O e6 5.d3 h6 6.c4 c6 7.Qb3 Qc8 8.Bf4 Be7 
9.Nbd2 O-O 10.Rfe1 Na6 11.Qc3 Bh7 12.a3 Rd8 13.b4 Nh5 14.Be3 c5 15.bxc5 
Bxc5 16.Bxc5 Qxc5 17.Qb2 Rab8 18.cxd5 Qxd5 19.Rab1 Nf6 20.Ne5 Qd6 21.Ndc4 
Qc7 22.Rec1 Nd5 23.Ne3 Qe7 24.Nxd5 exd5 25.Nf3 Nc5 26.Qb4 b6 27.Nd4 Rbc8 
28.Bh3 Rc7 29.Nb5 Rc6 30.Bg2 a5 31.Qd2 Rf6 32.Nd4 Bg6 33.Bf3 Qe5 34.Qe3 
Re8 35.Qxe5 Rxe5 36.Rb5 Bh5 37.Bxh5 Rxh5 38.Rcb1 Na4 39.R1b3 Re5 40.f4 Re8
41.Rxd5 Rc8 42.Kf2 Rc1 43.Rbb5 Ra1 44.Rd8+ Kh7 45.Re5 Rxa3 46.f5 g6 47.g4 
gxf5 48.gxf5 b5 49.Nxb5 Ra2 50.Nd6 Nb2 51.Kf3 Ra1 52.Ree8 Rf1+ 53.Ke4 Rxd6
54.Rxd6 Rf2 55.e3 a4 56.Re7 Kg7 57.Rdd7 Kf6 58.h4 1-0

[Event "26th EUR-ch"]
[Site "Katowice POL"]
[Date "2026.04.10"]
[Round "3.193"]
[White "Lehaci, Miruna-Daria"]
[Black "Damaso Tacoronte, Carolina"]
[Result "1-0"]
[WhiteElo "2258"]
[BlackElo "1918"]
[EventDate "2026.04.07"]
[PlyCount "73"]

1.e4 c6 2.Nf3 d5 3.exd5 cxd5 4.Ne5 Nf6 5.d4 a6 6.c3 Nc6 7.Bd3 e6 8.Qe2 Bd7
9.Nd2 Be7 10.f4 h5 11.Ndf3 Ng4 12.O-O Ngxe5 13.fxe5 g5 14.Qf2 Rf8 15.h4 
Qb6 16.Bxg5 O-O-O 17.a4 f6 18.exf6 Bxf6 19.Bxf6 Rxf6 20.b4 e5 21.b5 e4 22.
bxc6 Qxc6 23.Be2 exf3 24.Bxf3 Rdf8 25.Qg3 Rg6 26.Qe5 Be6 27.Bxh5 Rxg2+ 28.
Kxg2 Rg8+ 29.Kh2 Bd7 30.Rg1 Rf8 31.Raf1 Rd8 32.Rg3 Qc4 33.Rfg1 Qa2+ 34.
R1g2 Qb1 35.Rg7 Qd3 36.Rxd7 Kxd7 37.Rg7+ 1-0

[Event "26th EUR-ch"]
[Site "Katowice POL"]
[Date "2026.04.10"]
[Round "3.194"]
[White "Radzikowski, Dawid"]
[Black "Boci, Mateu"]
[Result "0-1"]
[WhiteElo "2007"]
[BlackElo "2256"]
[EventDate "2026.04.07"]
[PlyCount "53"]

1.e4 c5 2.Nc3 Nc6 3.d3 g6 4.Be3 d6 5.Qd2 Bg7 6.Nge2 Rb8 7.d4 cxd4 8.Nxd4 
Nf6 9.f3 O-O 10.O-O-O d5 11.exd5 Nxd5 12.Nxc6 bxc6 13.Bd4 e5 14.Bc5 Be6 
15.Bc4 Re8 16.Bxd5 cxd5 17.Nxd5 Bxd5 18.Qxd5 Qa5 19.Bd6 Rb5 20.Qc4 e4 21.
c3 Qb6 22.Bc7 Bh6+ 23.f4 Bxf4+ 24.Bxf4 Rxb2 25.Rd7 Rb1+ 26.Kd2 Rb2+ 27.Kc1
0-1

[Event "26th EUR-ch"]
[Site "Katowice POL"]
[Date "2026.04.10"]
[Round "3.195"]
[White "Bourg, Nicolas"]
[Black "Frankiv, Oleksandr"]
[Result "0-1"]
[WhiteElo "2249"]
[BlackElo "1892"]
[EventDate "2026.04.07"]
[PlyCount "116"]

1.e4 e5 2.Nf3 Nc6 3.Bb5 Nf6 4.Bxc6 dxc6 5.d3 Bc5 6.Nbd2 Be6 7.Ng5 Bxf2+ 8.
Kxf2 Ng4+ 9.Ke1 Qxg5 10.Nf3 Qe7 11.h3 Nf6 12.Nxe5 Bxh3 13.Nxc6 Qc5 14.gxh3
Qxc6 15.Bg5 O-O-O 16.Rf1 Kb8 17.Qe2 Qb5 18.Bxf6 gxf6 19.c3 Rhg8 20.d4 Qg5 
21.Kd1 Qh4 22.Kc2 Rg3 23.Rf5 Rxh3 24.Raf1 Rh2 25.R5f2 Rxf2 26.Rxf2 Re8 27.
Rh2 Qg3 28.Qg2 Qg6 29.Qxg6 hxg6 30.Rh7 Rf8 31.Rh2 Kc8 32.Rf2 Kd7 33.Rxf6 
Ke7 34.Rf2 Rh8 35.e5 Rh3 36.Kb3 c6 37.Kc4 g5 38.a4 Re3 39.Kc5 g4 40.a5 g3 
41.Rf4 Re2 42.Rg4 g2 43.a6 bxa6 44.b3 f5 45.exf6+ Kxf6 46.c4 Kf5 47.Rg8 
Ke4 48.b4 Rc2 49.Rg3 Kf4 50.Rxg2 Rxg2 51.Kxc6 Rg6+ 52.Kb7 Rb6+ 53.Kxa7 
Rxb4 54.c5 Rxd4 55.c6 a5 56.Kb6 a4 57.Kb5 Rd1 58.Kxa4 Ke5 0-1

[Event "26th EUR-ch"]
[Site "Katowice POL"]
[Date "2026.04.10"]
[Round "3.196"]
[White "Brozyna, Mateusz"]
[Black "Marcos Herrero, Francisco"]
[Result "1-0"]
[WhiteElo "2242"]
[BlackElo "1854"]
[EventDate "2026.04.07"]
[PlyCount "49"]

1.e4 c5 2.Nf3 g6 3.c3 d5 4.exd5 Qxd5 5.d4 Bg7 6.Na3 Nf6 7.Bc4 Qe4+ 8.Be3 
O-O 9.dxc5 Nc6 10.h3 Bf5 11.O-O Rad8 12.Qe2 Ne5 13.Nxe5 Qxe5 14.Rfe1 h5 
15.Bd4 Qb8 16.Qxe7 Nd5 17.Bxd5 Rxd5 18.Bxg7 Kxg7 19.Nc4 Qf4 20.Nd6 Bxh3 
21.gxh3 Kg8 22.Qe3 Rg5+ 23.Kf1 Qh4 24.Rad1 f6 25.Rd4 1-0

[Event "26th EUR-ch"]
[Site "Katowice POL"]
[Date "2026.04.10"]
[Round "3.197"]
[White "Pyrek, Marcin"]
[Black "Drazic, Sinisa"]
[Result "0-1"]
[WhiteElo "1855"]
[BlackElo "2239"]
[EventDate "2026.04.07"]
[PlyCount "70"]

1.d4 g6 2.e4 Bg7 3.Nc3 a6 4.Be3 d6 5.Qd2 b5 6.Bd3 Nd7 7.a4 b4 8.Nce2 c5 9.
f4 Qc7 10.c4 cxd4 11.Nxd4 Nc5 12.Qc2 Nf6 13.Nb3 Nxb3 14.Qxb3 Ng4 15.Bd2 
Qc5 16.Be2 Qf2+ 17.Kd1 Qxg2 18.Bf3 Qf1+ 19.Kc2 Qxa1 20.Ne2 Qxb2+ 21.Qxb2 
Bxb2 22.Kxb2 a5 23.e5 Ra6 24.Nd4 Nf2 25.Rf1 Nd3+ 26.Kc2 Nc5 27.Nb5 Bf5+ 
28.Kd1 O-O 29.exd6 Rxd6 30.Nxd6 exd6 31.Bc6 Bd3 32.Rg1 Bxc4 33.f5 Bb3+ 34.
Kc1 Rc8 35.fxg6 hxg6 0-1

[Event "26th EUR-ch"]
[Site "Katowice POL"]
[Date "2026.04.10"]
[Round "3.198"]
[White "Zalega, Maciej"]
[Black "Wojtowicz, Marek"]
[Result "1-0"]
[WhiteElo "2233"]
[BlackElo "1836"]
[EventDate "2026.04.07"]
[PlyCount "45"]

1.e4 c6 2.d4 d5 3.f3 dxe4 4.fxe4 e5 5.Nf3 Bg4 6.c3 Nd7 7.Bc4 Bd6 8.O-O 
Ngf6 9.Bg5 O-O 10.Nbd2 b5 11.Bb3 Qc7 12.Qe1 Rae8 13.Qh4 Bh5 14.dxe5 Bxe5 
15.Nxe5 Qxe5 16.Rf5 Qd6 17.Bf4 Qe7 18.Rxh5 Nxh5 19.Qxh5 Nf6 20.Qf3 Rd8 21.
Re1 Nd7 22.Qg3 Rfe8 23.Bd6 1-0

[Event "26th EUR-ch"]
[Site "Katowice POL"]
[Date "2026.04.10"]
[Round "3.199"]
[White "Rodriguez Redondo, Adhara"]
[Black "Panasiuk, Piotr"]
[Result "1-0"]
[WhiteElo "2203"]
[BlackElo "1787"]
[EventDate "2026.04.07"]
[PlyCount "81"]

1.e4 c5 2.Nf3 d6 3.Bb5+ Nd7 4.O-O a6 5.Bxd7+ Bxd7 6.c3 Nf6 7.Re1 e6 8.d4 
Be7 9.e5 dxe5 10.dxe5 Nd5 11.c4 Nb6 12.Qe2 O-O 13.b3 Bc6 14.Bb2 Qc7 15.
Nbd2 Rad8 16.Ne4 Bxe4 17.Qxe4 Rd7 18.h4 h6 19.Nh2 Rfd8 20.Ng4 Nc8 21.Rac1 
Bf8 22.Rc3 Kh8 23.Rg3 Rd1 24.Rxd1 Rxd1+ 25.Kh2 Qd8 26.Nf6 gxf6 27.Qg4 Ne7 
28.exf6 Ng6 29.h5 Bd6 30.hxg6 Bxg3+ 31.fxg3 fxg6 32.f7+ Rd4 33.Qxe6 Qf8 
34.Qxg6 Qg7 35.Qf5 Qf8 36.b4 b6 37.Qg6 a5 38.a3 axb4 39.axb4 Qg7 40.Qxb6 
Qxf7 41.Qxc5 1-0

[Event "26th EUR-ch"]
[Site "Katowice POL"]
[Date "2026.04.10"]
[Round "3.200"]
[White "Mizzi, Jack"]
[Black "Hrckova, Anna"]
[Result "1-0"]
[WhiteElo "2192"]
[BlackElo "1778"]
[EventDate "2026.04.07"]
[PlyCount "49"]

1.d4 d5 2.c4 e6 3.Nf3 Nf6 4.Nbd2 Nbd7 5.g3 Be7 6.Bg2 O-O 7.O-O b6 8.b3 c5 
9.cxd5 exd5 10.Bb2 Ba6 11.Re1 Rc8 12.Rc1 Re8 13.Ne5 Bd6 14.Nxd7 Qxd7 15.
dxc5 Bxc5 16.Bxf6 gxf6 17.e4 d4 18.Qh5 Re5 19.Qh6 Bb4 20.Rcd1 Qc6 21.f4 
Ra5 22.e5 Bf8 23.Qh4 Qc7 24.Be4 h6 25.Qg4+ 1-0

[Event "26th EUR-ch"]
[Site "Katowice POL"]
[Date "2026.04.10"]
[Round "3.201"]
[White "Smolin, Sergey"]
[Black "Rekuc, Patryk"]
[Result "0-1"]
[WhiteElo "1962"]
[BlackElo "2280"]
[EventDate "2026.04.07"]
[PlyCount "64"]

1.e4 c5 2.Nc3 d6 3.f4 g6 4.Nf3 Bg7 5.Bc4 Nc6 6.O-O e6 7.d3 Nge7 8.Qe1 O-O 
9.Bb3 a6 10.f5 gxf5 11.Qh4 Nd4 12.Bg5 f6 13.Be3 Nxb3 14.axb3 e5 15.g3 Be6 
16.Qh5 Qd7 17.Bh6 fxe4 18.Bxg7 Kxg7 19.Nxe5 fxe5 20.Qg5+ Ng6 21.Nxe4 h6 
22.Qd2 Bd5 23.c4 Bc6 24.b4 cxb4 25.Qxb4 Bxe4 26.dxe4 Qc6 27.Rad1 Rxf1+ 28.
Rxf1 Qxe4 29.Qxd6 Qd4+ 30.Qxd4 exd4 31.Rf5 Rd8 32.Kf2 Rf8 0-1

[Event "26th EUR-ch"]
[Site "Katowice POL"]
[Date "2026.04.10"]
[Round "3.202"]
[White "Kasperczyk, Szymon"]
[Black "Hryzlova, Sofiia"]
[Result "0-1"]
[WhiteElo "1910"]
[BlackElo "2278"]
[EventDate "2026.04.07"]
[PlyCount "102"]

1.d4 Nf6 2.c4 e6 3.Nc3 Bb4 4.Qc2 d5 5.a3 Be7 6.Nf3 O-O 7.Bg5 Nbd7 8.e3 b6 
9.cxd5 exd5 10.Bd3 Bb7 11.O-O h6 12.Bh4 Re8 13.Bg3 c6 14.Rac1 Nf8 15.h3 
Bd6 16.Ne2 Ne4 17.Be5 Ng6 18.Bxe4 dxe4 19.Qxe4 Qe7 20.Qf5 Nxe5 21.dxe5 
Bxe5 22.Nxe5 Qxe5 23.Qxe5 Rxe5 24.Rfd1 c5 25.Nc3 Bc6 26.Rd6 Rc8 27.Rcd1 
Kf8 28.Rd8+ Rxd8 29.Rxd8+ Ke7 30.Rd2 g5 31.Kf1 h5 32.Nd1 Ba4 33.Nc3 Bb3 
34.Ke2 Bc4+ 35.Ke1 f5 36.Ne2 h4 37.Kd1 Bb3+ 38.Kc1 a5 39.Nc3 Bc4 40.Na4 
Re6 41.Nc3 Rd6 42.Ne2 b5 43.g3 g4 44.gxh4 gxh3 45.Ng3 Rf6 46.f4 Rg6 47.
Nxf5+ Kf6 48.e4 Rg1+ 49.Kc2 Rg2 50.Ne3 h2 51.Rxg2 h1=Q 0-1

[Event "26th EUR-ch"]
[Site "Katowice POL"]
[Date "2026.04.10"]
[Round "3.203"]
[White "Madera, Mateusz"]
[Black "Mirski, Stanislaw"]
[Result "0-1"]
[WhiteElo "1902"]
[BlackElo "2266"]
[EventDate "2026.04.07"]
[PlyCount "64"]

1.d4 Nf6 2.Nf3 e6 3.e3 b6 4.Bd3 Bb7 5.O-O d5 6.b3 Bd6 7.Bb2 a6 8.Nbd2 c5 
9.c4 O-O 10.dxc5 Bxc5 11.Rc1 Nbd7 12.Qe2 Ne4 13.cxd5 exd5 14.Rfd1 Qe7 15.
Nd4 f5 16.N2f3 b5 17.Nc2 f4 18.Bd4 Bd6 19.Re1 Rae8 20.exf4 Bxf4 21.Be3 Bd6
22.Ncd4 Qf6 23.Rc2 b4 24.Kh1 Ndc5 25.Rcc1 Nxf2+ 26.Bxf2 Rxe2 27.Bxe2 Ne4 
28.Be3 Bf4 29.Bxf4 Qxf4 30.g3 Qh6 31.Kg2 Bc8 32.h4 Qd6 0-1